00904nam a2200265Ia 4500001000700000003000500007005001700012008004100029010001100070040000900081100003200090245011400122260003300236300000700269502015400276650002900430650001800459650001800477650002600495650000800521650001600529650000800545700004200553700004300595Z_6577CHAP20231121115058.0220113s2013 xx 000 0 und d a169848 cCHAP aCuevas Pat, Reyna Guadalupe aUso de marcadores moleculares para verificar la genealogía de bovinos jersey /cReyna Guadalupe Cuevas Pat aMéxico :bEl autor,c2013 aCD aTesis (Maestro en Ciencias en Innovación Ganadera) -- UACh, 2013 \ Dirección: Rafael Nuñez Domínguez; asesoría: Ernestina Valadez Moctezuma aAnálisis de fragmentos aDNA de sangre aGanado bovino aPaternidad en bovinos aPCR aRaza jersey aSSR a Valadez Moctezuma, Ernestina, asesor aNuñez Domínguez, Rafael, director